000 00679nam a2200241Ia 4500
003 OSt
005 20220925215302.0
006 a|||||r|||| 00| 0
007 ta
008 220923b |||||||| |||| 00| 0 eng d
037 _cGeneral Book
040 _aRTL
_cRTL
_beng
041 _2eng
_aeng
082 _aX:8, L4
100 _aLowes Bryan
_9282488
245 0 _aModern managerial economics
260 _aLondon
_bHeinemann U. K.
_c1974
300 _aix, 292p. Bibliography p.283-85
_ccm.
650 _aManagement
_930681
700 _a Sparkes John R.
_9282489
942 _hX:8, L4
_cGB
_2CC
999 _c568370
_d568370